Slow but steady (Record no. 71842)

MARC details
000 -LEADER
fixed length control field 00765cam a2200193 4500
001 - CONTROL NUMBER
control field ABS66246
008 - FIXED-LENGTH DATA ELEMENTS--GENERAL INFORMATION
fixed length control field 021223n2002 000 0 eng u
035 ## - SYSTEM CONTROL NUMBER
System control number (Sirsi) u120869
100 ## - MAIN ENTRY--PERSONAL NAME
Personal name Suff, P
245 ## - TITLE STATEMENT
Title Slow but steady
260 ## - PUBLICATION, DISTRIBUTION, ETC.
Date of publication, distribution, etc. 2002
490 ## - SERIES STATEMENT
Series statement Environment Information Bulletin
Volume/sequential designation (123) October 2002, 7-9(3)
520 ## - SUMMARY, ETC.
Summary, etc. Reports on how corporate social and environmental responsibility reporting is growing steadily but disclosure of the information remains slow. Cites problems of lack of legislation, muddle in standards, and costs of verification as barriers to reporting.
590 ## - LOCAL NOTE (RLIN)
Local note ABS
650 ## - SUBJECT ADDED ENTRY--TOPICAL TERM
Topical term or geographic name entry element CORPORATE SOCIAL RESPONSIBILITY AGENDA
650 ## - SUBJECT ADDED ENTRY--TOPICAL TERM
Topical term or geographic name entry element ENVIRONMENTAL REPORTING
690 ## - LOCAL SUBJECT ADDED ENTRY--TOPICAL TERM (OCLC, RLIN)
Topical term or geographic name as entry element ENVIRONMENT-AUDIT/ASSESSMENT
942 ## - ADDED ENTRY ELEMENTS (KOHA)
Suppress in OPAC 0
Holdings
Withdrawn status Lost status Source of classification or shelving scheme Damaged status Not for loan Home library Current library Shelving location Date acquired Total Checkouts Full call number Barcode Date last seen Copy number Price effective from Koha item type
    Dewey Decimal Classification     London London Journal article 23/12/2002   ABS66246 120869-1001 06/08/2019 1 06/08/2019 Journal article